| 000 | 00529nam a2200205Ia 4500 | ||
|---|---|---|---|
| 003 | GCL | ||
| 008 | 140319s9999 xx 000 0 eng d | ||
| 040 |
_aGCL / _cGCL |
||
| 082 | 0 | 4 |
_a005.3 _bP U |
| 100 | 1 | _aROSE, KAREN | |
| 245 | 1 | 0 |
_aUSING WORDS FOR WINDOWS 95: THE MOST COMPLETE REFERENCE / _cROSE, KAREN |
| 700 | 1 | _aPERSON, BON | |
| 260 |
_a[S.N] : _bQUE ، _c1995 |
||
| 300 | _a1226 P | ||
| 650 | 0 | 4 | _aشعر الحرب |
| 650 | 0 | 4 | _aPROGRAMMING LANGUAGE |
| 650 | 0 | 4 | _aWORD |
| 650 | 0 | 4 | _aWINDOWS 95 |
| 942 |
_2ddc _cBK |
||
| 999 |
_c13607 _d13607 |
||